Μέθοδοι αναδιάρθρωσης και ιδιωτικοποιήσης του σιδηροδρόμου και των λιμένων Πειραιώς και Θεσσαλονίκης
Saved in:
| Main Author: | |
|---|---|
| Corporate Author: | |
| Format: | Book |
| Language: | Greek |
| Published: |
Αθήνα :
Κέντρο Προγραμματισμού και Οικονομικών Ερευνών,
c2006
|
| Series: | Εκθέσεις (Κέντρο Προγραμματισμού και Οικονομικών Ερευνών)
; 47 |
| Subjects: | |
| Tags: |
Add Tag
No Tags, Be the first to tag this record!
|
MARC
| LEADER | 00000cam a2200000 i 4500 | ||
|---|---|---|---|
| 001 | 1/65349 | ||
| 008 | 071130s2006 gre d | ||
| 020 | |a 960-341-069-1 | ||
| 035 | |l 10092698 | ||
| 040 | |a GR-MY-UA |b gre |e aacr | ||
| 041 | 0 | |a gre | |
| 082 | 0 | |a 338.9 |2 (22) | |
| 100 | 1 | |a Αθανασακόπουλος, Δημήτρης Θ. | |
| 245 | 1 | 0 | |a Μέθοδοι αναδιάρθρωσης και ιδιωτικοποιήσης του σιδηροδρόμου και των λιμένων Πειραιώς και Θεσσαλονίκης / |c Δημητρίου Θ. Αθανασακόπουλου |
| 260 | |a Αθήνα : |b Κέντρο Προγραμματισμού και Οικονομικών Ερευνών, |c c2006 | ||
| 300 | |a 212 σ.; |c 24 εκ. | ||
| 490 | 1 | |a Εκθέσεις (Κέντρο Προγραμματισμού και Οικονομικών Ερευνών) |v ; 47 | |
| 504 | |a Βιβλιογραφία : σ. 207-212. | ||
| 650 | 0 | 0 | |a Privatization. |
| 710 | 2 | |a Κέντρο Προγραμματισμού και Οικονομικών Ερευνών. | |
| 830 | 0 | |a Εκθέσεις (Κέντρο Προγραμματισμού και Οικονομικών Ερευνών) |v ; 47 | |
| 852 | |a INST |b CHIOS |e 20071130 |h 338.9 ΑΘΑ |p 005200028303 |q 005200028303 |t BK |y 0 | ||
| 901 | |a BIBL2-2007-3 | ||
| 909 | |a Χ |b 131500 | ||
| 970 | |a ΒΑΡΦΗΣ |b ΒΑΓΓΕΛΗΣ |z 2007/11/30 | ||